Che cibo é? - Statistics

Statistiche generali
  • Questo quiz è stato fatto 610 volte
  • Il punteggio medio è 5 su 12
Statistiche sulle risposte
con Immagini Risposta % Corretto
pizza
66%
pasta
63%
gelato
57%
taco
55%
hot dog
53%
sushi
51%
cannolo
48%
baguette
47%
torta
43%
lasagne
38%
churros
34%
strudel
31%
biscotto
15%
kebab
14%
brezel
13%
pastel de nata
6%
Nessun quiz corrispondente trovato
Distribuzione punteggi
Percentuale di utenti per punteggio
Percentile per numero di risposta
I tuoi punteggi nel tempo
Non hai fatto questo quiz